UITU Library & LRC     

Co-reference resolution in Urdu Language (Record no. 33481)

MARC details
000 -LEADER
fixed length control field 00630nam a2200145Ia 4500
008 - FIXED-LENGTH DATA ELEMENTS--GENERAL INFORMATION
fixed length control field 260210s9999 xx 000 0 und d
024 ## - OTHER STANDARD IDENTIFIER
Standard number or code 18B-079-SE, 18B-082-SE, 18B-092-SE, 18B-111-SE & 18B-020-SE
100 ## - MAIN ENTRY--PERSONAL NAME
Personal name Hafiz Muhammad Ahmed, Bilal Siddiqui, Eshwar Lal, Mubashra Tabassum & Aresh Bint e Najmi
110 ## - MAIN ENTRY--CORPORATE NAME
Corporate name or jurisdiction name as entry element Sir Abdul Hafiz Adam
245 #0 - TITLE STATEMENT
Title Co-reference resolution in Urdu Language
260 ## - PUBLICATION, DISTRIBUTION, ETC.
Place of publication, distribution, etc. Karachi:
Name of publisher, distributor, etc. UITU,
Date of publication, distribution, etc. 2019
600 ## - SUBJECT ADDED ENTRY--PERSONAL NAME
Personal name Software engineering
650 ## - SUBJECT ADDED ENTRY--TOPICAL TERM
Topical term or geographic name entry element Bachelor of Engineering (BE)
856 ## - ELECTRONIC LOCATION AND ACCESS
Uniform Resource Identifier <a href="https://drive.google.com/file/d/1aowxdXRFvEBSKjx1wFJjFb-spyNVnBLE/view?usp=sharing">https://drive.google.com/file/d/1aowxdXRFvEBSKjx1wFJjFb-spyNVnBLE/view?usp=sharing</a>
Link text Click here for PDF

No items available.

Powered by Koha